Why liberty; (Record no. 9515)

MARC details
000 -LEADER
fixed length control field 00345nam a22001337a 4500
008 - FIXED-LENGTH DATA ELEMENTS--GENERAL INFORMATION
fixed length control field 230406b |||||||| |||| 00| 0 eng d
020 ## - INTERNATIONAL STANDARD BOOK NUMBER
International Standard Book Number 978-0-89803-172-0
082 ## - DEWEY DECIMAL CLASSIFICATION NUMBER
Classification number 171.7
100 ## - MAIN ENTRY--PERSONAL NAME
Personal name Tom G. Palmer
245 ## - TITLE STATEMENT
Title Why liberty;
Remainder of title your life, your choices, your future
260 ## - PUBLICATION, DISTRIBUTION, ETC.
Name of publisher, distributor, etc. Jameson Books,
Date of publication, distribution, etc. 2013
300 ## - PHYSICAL DESCRIPTION
Extent 143 p.
Dimensions 20cm
942 ## - Added entry Elements (Koha)
Source of classification or shelving scheme Dewey Decimal Classification
Holdings
Withdrawn status Lost status Source of classification or shelving scheme Damaged status Not for loan Collection code Home library Current library Shelving location Date acquired Serial Enumeration / chronology Total Checkouts Full call number Barcode Date last seen Date last checked out Price effective from Koha item type
    Dewey Decimal Classification     Main TEST RTC Library RTC Library Main opac 06/04/2023 177365 1 171.7 PAL 30018781 10/09/2025 25/08/2025 06/04/2023 Main
Royal Thimphu College || All Right Reserved